00745nam a2200217Ia 450000500170000000800410001702000180005804100080007608200170008410000220010124500640012326000350018730000090022250000220023165000220025370000550027590600100033094200070034099900170034795201630036420230224140810.0230125s9999 xx 000 0 und d a1-4000-5084-7 aeng a658.406bBOS aBossidy L9114372 aConfronting RealitybDoing What Matters to Get Things Right c2004bCrown BusinessaNew York a264p aChange management aChange management aBossidy L; Sudhir Tilloo, Donor & Charan R9115960 b397.5 cDB c93696d93696 00104070aHIMRbHIMRd2015-06-23eDonated Book- Outside Donarg795.00o658.406 BOS DB2093pHIMR-DB-2093r2023-01-25 00:00:00v397.50w2023-01-25yDBzDB2093